000 00588nam a2200181Ia 4500
008 090630s9999 xx 000 0 und d
082 _b3956
100 _aदेवल गो. ब.
245 _aसंगीत संशय कल्लोळ.
_cदेवल गो. ब.
260 _bबलवंत.
_c1958
300 _a82
600 _aदेवल गो. ब.
630 _aसंगीत संशय कल्लोळ.
655 _aनाटक.
700 _aदेवल गो. ब.
730 _aसंगीत संशय कल्लोळ.
942 _cBOOK
999 _c255812
_d255812